000
00299nam a22001337a 4500
008
170714b xxu||||| |||| 00| 0 eng d
020
_a
9780151007202
041
_a
eng
080
_a
1(091)
100
_a
23
101
_a
FIL
245
_a
ARISTOTLES CHILDREN
_c
RUBENSTEIN.R.E
942
_2
udc
_c
BK
999
_c
20744
_d
20744